|
|
|
|
| LEADER |
00568 a2200157 4500 |
| 008 |
150302b xxu||||| |||| 00| 0 eng d |
| 020 |
|
|
|a 9788184554809
|
| 082 |
|
|
|a 305.42 TRI/P
|
| 100 |
|
|
|a Tripathi, S.K.
|
| 245 |
|
|
|a Position of women in different cultures/
|c S.K.Tripathi.
|
| 260 |
|
|
|c 2013.
|b Omega.
|a New Delhi
|
| 300 |
|
|
|a 264p.
|c 23cm.
|
| 650 |
|
|
|a women-social conditions
|
| 942 |
|
|
|2 ddc
|c BK
|
| 999 |
|
|
|c 104699
|d 104699
|
| 952 |
|
|
|0 0
|1 0
|4 0
|6 305_420000000000000_TRI_P
|7 0
|9 106740
|a UL
|b UL
|c ST1
|d 2014-02-19
|e 2
|g 635.45
|l 10
|m 2
|o 305.42 TRI/P
|p 91987
|r 2019-06-28
|s 2019-05-30
|v 895.00
|y BK
|